(07) - 50 villes les plus peuplées d'Ardèche (07) - Statistiques

Statistiques générales
  • Ce quiz a été pris 61 fois
  • Le résultat moyen est 13 sur 50
Statistiques - réponses
nombre d'habitant ville % Correct
8 552 Privas
93%
12 488 Aubenas
87%
11 302 Tournon-sur-Rhône
85%
17 222 Annonay
78%
8 812 Le Teil
63%
11 277 Guilherand-Granges
59%
7 591 Saint-Péray
46%
2 812 Le Cheylard
43%
7 506 Bourg-Saint-Andéol
41%
4 762 La Voulte-sur-Rhône
39%
2 954 Cruas
37%
2 680 Les Vans
37%
2 286 Ruoms
37%
3 479 Vals-les-Bains
35%
3 181 Davézieux
28%
3 659 Viviers
28%
1 760 Joyeuse
26%
2 336 Lamastre
26%
3 031 Villeneuve-de-Berg
24%
3 160 Charmes-sur-Rhône
22%
2 893 Le Pouzin
22%
2 232 Sarras
22%
3 094 Chomérac
20%
1 664 Coux
20%
2 250 Rochemaure
17%
2 357 Saint-Marcel-d'Ardèche
17%
1 847 Beauchastel
15%
2 214 Lablachère
15%
2 248 Lavilledieu
15%
2 300 Saint-Agrève
15%
1 664 Saint-Privat
15%
2 298 Soyons
15%
2 031 Ucel
15%
2 469 Vallon-Pont-d'Arc
15%
2 415 Saint-Georges-les-Bains
13%
1 842 Saint-Sernin
13%
2 048 Vesseaux
13%
2 255 Boulieu-lès-Annonay
11%
2 397 Cornas
11%
2 353 Peaugres
11%
2 723 Roiffieux
11%
1 985 Vernoux-en-Vivarais
11%
1 840 Lachapelle-sous-Aubenas
9%
2 894 Saint-Étienne-de-Fontbellon
9%
1 701 Toulaud
7%
2 670 Vernosc-lès-Annonay
7%
1 955 Saint-Montan
4%
1 874 Félines
2%
2 499 Saint-Jean-de-Muzols
2%
1 750 Quintenas
0%
Aucun quiz correspondant
Distribution des résultats
% des personnes avec chaque résultat
Percentile par nombre de réponses
Votre historique - résultats
Vous n’avez pas pris ce quiz